书目信息 |
| 题名: |
根除惯性
|
|
| 作者: | 克纳普 著 ;季广茂 译 | |
| 分册: | 下 | |
| 出版信息: | 长春 吉林人民出版社 2005 |
|
| 页数: | 203~497页 | |
| 开本: | 21cm | |
| 丛书名: | 人文译丛 | |
| 单 册: | ||
| 中图分类: | B081.1 | |
| 科图分类: | ||
| 主题词: | 形而上学 | |
| 电子资源: | ||
| ISBN: | 7-206-04130-2 | |
| 000 | 01278oam2 2200337 450 | |
| 001 | 0120062000061 | |
| 005 | 20070113142154.60 | |
| 010 | @a7-206-04130-2@dCNY40.30(上下) | |
| 092 | @aCN@b474997 | |
| 100 | @a20060415d2005 em y0chiy0110 ea | |
| 101 | 1 | @achi@ceng |
| 102 | @aCN@b220000 | |
| 105 | @ay z 000yy | |
| 200 | 1 | @a根除惯性@9gen chu guan xing@e陀思妥耶夫斯基与形而上学@h下@f(美)莉莎·克纳普著@g季广茂译 |
| 205 | @a2版 | |
| 210 | @a长春@c吉林人民出版社@d2005 | |
| 215 | @a203~497页@d21cm | |
| 225 | 2 | @a人文译丛 |
| 305 | @aLiza Knapp及美国西北大学出版社Susan Harris、Peler Hayes、Rachel Zonderman赠予出版权 | |
| 330 | @a本书在哲学层面上试图读解陀氏及其思想,对后现代社会所面对的诸种困扰作出回应,质疑了现代社会得以建构的一些基本原则,从而试图还原人类的本真状态。 | |
| 461 | 0 | @12001 @a人文译丛 |
| 510 | 1 | @aAnnihilation of Inertia@eDostoevsky and Metaphysics@zeng |
| 517 | 1 | @a陀思妥耶夫斯基与形而上学@9tuo si tuo ye fu si ji yu xing er shang xue |
| 600 | 0 | @a陀思妥耶夫斯基@f1821~1881)@x形而上学@x研究 |
| 600 | 0 | @a陀思妥耶夫斯基@f1821~1881) |
| 606 | 0 | @a形而上学 |
| 690 | @aB081.1@v4 | |
| 701 | 1 | @a克纳普@9ke na pu@b莉莎@4著 |
| 702 | 0 | @a季广茂@9ji guang mao@4译 |
| 801 | 0 | @aCN@bLZJBOOK@c20070113 |
| 905 | @a10447@dB081.1@e38:2 | |
| 根除惯性:陀思妥耶夫斯基与形而上学.下/(美)莉莎·克纳普著/季广茂译.-2版.-长春:吉林人民出版社,2005 |
| 203~497页;21cm.-(人文译丛) |
| ISBN 7-206-04130-2:CNY40.30(上下) |
| 本书在哲学层面上试图读解陀氏及其思想,对后现代社会所面对的诸种困扰作出回应,质疑了现代社会得以建构的一些基本原则,从而试图还原人类的本真状态。 |
| ● |
| 相关链接 |
|
|
|
|
正题名:根除惯性
索取号:B081.1/38:2
 
预约/预借
| 序号 | 登录号 | 条形码 | 馆藏地/架位号 | 状态 | 备注 |
| 1 | 0555809 | 205558092 | 第一样本阅览室/ [索取号:B081.1/38:2] | 在馆 | |
| 2 | 0555810 | 205558109 | 教育系资料室/ [索取号:B081.1/38:2] | 在馆 | |
| 3 | 0555811 | 205558118 | 第一借阅区/ [索取号:B081.1/38:2] | 在馆 | |
| 4 | 0555812 | 205558127 | 第一借阅区/ [索取号:B081.1/38:2] | 在馆 | |
| 5 | 0555813 | 205558136 | 第一借阅区/ [索取号:B081.1/38:2] | 在馆 | |
| 6 | 0555814 | 205558145 | 教育系资料室/ [索取号:B081.1/38:2] | 在馆 | |
| 7 | 0555815 | 205558154 | 教育系资料室/ [索取号:B081.1/38:2] | 在馆 | |
| 8 | 0555816 | 205558163 | 教育系资料室/ [索取号:B081.1/38:2] | 在馆 |